| 000 | 00697cam a2200265 4500 | ||
|---|---|---|---|
| 008 | 000000n2000 000 0 eng u | ||
| 020 | _a1860813976 | ||
| 035 | _a(Sirsi) u107918 | ||
| 041 | _aeng | ||
| 050 | _a693.4 | ||
| 100 | _aRidal, J.P. | ||
| 245 | _aWater reducing admixtures in concrete. | ||
| 260 |
_aLondon _bCRC Ltd _c2000 |
||
| 300 | _a6p. : ill. ; 30cm. | ||
| 350 | _a0 | ||
| 490 |
_aBRE Information Paper _vIP 15/00 |
||
| 650 | _aADMIXTURES | ||
| 650 | _aCONCRETE CONSTRUCTION | ||
| 650 | _aWRA | ||
| 690 | _aBUILT ENVIRONMENT-BUILDING MATERIALS | ||
| 700 | _aGarvin, S.L. | ||
| 700 | _aDunster, A. M. | ||
| 710 | _aBuilding Research Establishment | ||
| 942 | _n0 | ||
| 999 |
_c100734 _d100734 |
||